169 - Né(es) un 18 juin. - Statistiques

Statistiques générales
  • Ce quiz a été pris 15 fois
  • Le résultat moyen est 6 sur 20
Statistiques - réponses
Hint Année de naissance Réponse % Correct
Acteur français qui ne veut pas terminer "aux crocos" dans "Astérix et Obélix : Mission Cléopatre". 1975 Jamel Debbouze
83%
Il est l'un des quatre garçons dans le vent. 1942 Paul McCartney
50%
Muse de Salvador Dali. 1939 Amanda Lear|Amanda Tap|Amanda Lear
42%
Roi de France et dernier souverain de la dynastie dite des Capétiens directs. 1294 Charles IV le Bel|Charles IV|Charles Ier
42%
Actrice belge vue dans "l'Appât" et "La plage". Découverte dans "Mon père, ce héros". 1975 Marie Gillain
42%
Joueur de tennis français qui poursuivit sa carrière au-delà de 35 ans. Vainqueur de la Coupe Davis en 2017. 1986 Richard Gasquet
42%
Acteur français vu dans "La carapate", "Un éléphant, ça trompe énormément" au cinéma et "Louis la Brocante" à la télévision. 1936 Victor Lanoux
42%
Acteur français vu aux côtés de Michel Blanc dans "Viens chez moi, j'habite chez une copine" et de Lino Ventura dans "Le Ruffian". 1947 Bernard Giraudeau
33%
Fils de Catherine Deneuve vu dans la série "Section de recherches". 1963 Christian Vadim
33%
Écrivain français, auteur des livres "Le Diable au corps" et "Le Bal du comte d'Orgel". 1903 Raymond Radiguet
33%
Fille d'acteur, elle donne la réplique à Benoît Poelvoorde dans le film "Podium". 1973 Julie Depardieu
25%
Sélectionneur de l'équipe de France de football de 1998 à 2002. 1941 Roger Lemerre
25%
Productrice, à la suite de son père, des films de la franchise "James Bond". 1960 Barbara Broccoli
17%
Maire d'Avignon, il fut Président du Conseil des ministres français du 10 avril 1938 au 20 mars 1940. 1884 Édouard Daladier
17%
Fille d'Ingrid Bergman, vue dans "Blue Velvet", "Sailor et Lula", "La mort vous va si bien", "État second", "Ludwig van B.", "Two Lovers". 1952 Isabella Rossellini
17%
Philosophe allemand, considéré comme l'un des philosophes vivants les plus influents et importants au monde. Auteur de 1929 Jürgen Habermas
8%
Joueur de football international italien, devenu entraîneur notamment de la Juventus Turin et de l'AC Milan. 1946 Fabio Capello
0%
Président de la république fédérative du Brésil de 1995 à 2003. 1931 Fernando Henrique Cardoso
0%
Facteur de pianos d'origine autrichienne naturalisé français, fondateur des pianos portant son nom. 1757 Ignace Joseph Pleyel
0%
Président de la République de 2005 à 2010. 1949 Lech Kaczyński|Lech Aleksander Kaczyński
0%
Aucun quiz correspondant
Distribution des résultats
% des personnes avec chaque résultat
Percentile par nombre de réponses
Votre historique - résultats
Vous n’avez pas pris ce quiz